000 00556nam a2200181Ia 4500
003 GCL
008 140319s9999 xx 000 0 ara d
040 _aGCL /
_cGCL
082 0 4 _a823
_bا ج
100 1 _aاورويل، جورج
245 1 0 _aجمهورية الحيوانات /
_cاورويل، جورج
250 _aالاولى
260 _aبيروت :
_bدار الانوار ،
_c2005
300 _a134 ص ؛
_c20 سم
650 0 4 _aالادب الامريكى
650 0 4 _aالقصص الامريكية المترجمة
942 _2ddc
_cBK
999 _c42397
_d42397